Southville International School and Colleges
Your cart is empty.
  • Cart
  • Lists
    Public lists list_1 View all
    Your lists Log in to create your own lists
  • Log in to your account
  • Your cookies
  • Search history
Southville International School and Colleges
  • Advanced search
  • Recent comments
  • Most popular
  • Libraries

Log in to your account

Log in with GOOGLE


If you do not have an external account, but do have a local account, you can still log in:

  1. Home
  2. MARC view: Quality & Safety in Pharmacy Practice
Normal view MARC view ISBD view

Quality & Safety in Pharmacy Practice (Record no. 13926)

[ view plain ]
MARC details
000 -LEADER
fixed length control field 00423nam a22001577a 4500
003 - CONTROL NUMBER IDENTIFIER
control field OSt
005 - DATE AND TIME OF LATEST TRANSACTION
control field 20140310182512.0
008 - FIXED-LENGTH DATA ELEMENTS--GENERAL INFORMATION
fixed length control field 130808t xxu||||| |||| 00| 0 eng d
020 ## - INTERNATIONAL STANDARD BOOK NUMBER
International Standard Book Number 9780071603850
050 ## - LIBRARY OF CONGRESS CALL NUMBER
Classification number RS 122.5
Item number Q35 2010
100 ## - MAIN ENTRY--PERSONAL NAME
Personal name Terri L. Warholak
9 (RLIN) 9069
245 ## - TITLE STATEMENT
Title Quality & Safety in Pharmacy Practice
Statement of responsibility, etc Terri L. Warholak
300 ## - PHYSICAL DESCRIPTION
Extent 273 p. :
Other physical details ill. :
Dimensions 23 cm.
942 ## - ADDED ENTRY ELEMENTS (KOHA)
Source of classification or shelving scheme Library of Congress Classification
Koha item type
Holdings
Withdrawn status Lost status Source of classification or shelving scheme Damaged status Home library Current library Shelving location Date acquired Total Checkouts Full call number Barcode Date last seen Copy number Price effective from Koha item type
    Library of Congress Classification   South SEED-LPDH College Library South SEED-LPDH College Library South SEED-LPDH College Section 08/08/2013   RS 122.5 .Q35 2010 SSLC0381 05/15/2018 1 08/08/2013 Books

Quality & Safety in Pharmacy Practice

APA

Terri L. Warholak, .Quality & Safety in Pharmacy Practice. : .

Chicago

Terri L. Warholak, .Quality & Safety in Pharmacy Practice. : .

Harvard

Terri L. Warholak, .Quality & Safety in Pharmacy Practice. : .

MLA

Terri L. Warholak, .: . .

  • Place hold
  • Print
  • Cite
  • Add to your cart (remove)
  • Save record
    BIBTEX Dublin Core MARCXML MARC (non-Unicode/MARC-8) MARC (Unicode/UTF-8) MARC (Unicode/UTF-8, Standard) MODS (XML) RIS
  • More searches
    Search for this title in:
    Other Libraries (WorldCat) Other Databases (Google Scholar) Online Stores (Bookfinder.com) Open Library (openlibrary.org)

Exporting to Dublin Core...

SOUTHVILLE LIBRARY

Southville International School and Colleges Library

1281 Tropical Ave. Cor. Luxembourg St., BF Homes International, Las Pinas City

Tel. No. 8256374 / 252358 Loc. 117/146

Powered by Koha